|
|
|
|
| LEADER |
00000nam a22000007a 4500 |
| 005 |
20120119104910.0 |
| 007 |
cr|||| |||| |
| 008 |
120119s2005 sp |||||s|||| 00||0 spa d |
| 020 |
|
|
|a 84-933726-1-7
|
| 035 |
|
|
|a 6081
|
| 040 |
|
|
|a vLex
|
| 090 |
|
|
|c 2930
|d 2930
|
| 100 |
1 |
|
|a Gonzl̀ez-Varas Ibę̀z, Santiago
|
| 245 |
1 |
3 |
|a El Derecho Administrativo Iberoamericano
|h [Recurso electrn̤ico] /
|b Santiago Gonzl̀ez-Varas Ibę̀z
|
| 256 |
|
|
|a Servicio en ln̕ea
|
| 260 |
|
|
|a Madrid :
|b Instituto Nacional de Administracin̤ Pb︢lica (INAP),
|c 2005
|
| 300 |
|
|
|a 1 recurso electrn̤ico
|
| 500 |
|
|
|a Amplia recopilacin̤ de las aportaciones al Coloquio celebrado en Alicante en el otoǫ de 2004. Verdadero tratado de Derecho Administrativo Iberoamericano, que estudia un espacio territorial y jurd̕ico comn︢, facilitando un modelo de derecho comparado. Est ̀realizado bajo la direccin̤ del profesor Santiago Gonzl̀ez-Varas Ibę̀z, autor del Derecho Administrativo en Espaą, conjuntamente con el profesor Rivero Ortega y la coordinacin̤ de la profesora Francisca Villalba Přez, se estudis el derecho administrativo de Argentina (prof. J.C. Cassagne), Brasil (D. De Figuereido Moreira Neto), Chile(A. Vergara Blanco),Colombia (J.O.Santofimio Gamboa), Costa Rica (A.Milano S.), Cuba (E.Gutiřrez Camargo), Ecuador (J. CampaąMora)Mx̌ico(J. Fernǹdez Ruiz), Panam ̀(C. Gasnell Acuą), Per(︢J. Dans̤Ordę̤z),Portugal (J. Caupers), Uruguay (C.E.Delpiazzo) Venezuela (A.R. Brewer-Cara̕s).
|
| 506 |
1 |
|
|a Contenido solo disponible en los productos indicados
|d vLex Global
|d vLex Global (Academic Edition, excluding Law Schools)
|d vLex Global (U.S. Academic Edition, Law Schools)
|d vLex Global (U.S. Academic Edition, excluding Law Schools)
|d vLex Global (Academic Edition, Law Schools)
|
| 650 |
0 |
4 |
|a Derecho administrativo
|z Amřica latina
|
| 710 |
2 |
|
|a Instituto Nacional de Administracin̤ Pb︢lica (Espaą)
|
| 740 |
0 |
|
|a vLex Libros (Servicio en ln̕ea)
|
| 856 |
4 |
0 |
|u http://vlex.com/source/derecho-administrativo-iberoamericano-6081
|z Acceso restringido
|
| 942 |
|
|
|c BOOK
|
| 999 |
0 |
|
|a Administrative law
|